Statistiken für Tiere nach Bild-schwer #1

Klicken Sie hier um das Quiz zu spielen!

Allgemein

  • Dieses Quiz wurde 712 mal gespielt
  • Das Durchschnittsergebnis liegt bei 6 aus 12

Antwortstatistiken

Antwort% Korrekt
Hammerhai
92%
Gnu
81%
Schwarzbär
74%
Hirschkäfer
72%
Tasmanischer Teufel
61%
Kormoran
36%
Ringelnatter
35%
Kleiber
31%
Gavial
25%
Fossa
20%
Karakal
19%
Pekari
15%

Verteilung der Resultate

Perzentil nach korrekt beantworteten Fragen

Anzahl Personen mit jedem Resultat

Ihre Resultats-Entwicklung

Sie haben dieses Quiz noch nicht gespielt